000 00335nam a2200145 i 4500
001 bg
100 1 _aBATCHELOR, G. K.
245 0 _aVvedenie v dinamiku żidkosti /
_cG.K. Batchelor.
260 _aMoskva,
_c1973.
040 _cBPK
041 _apol
080 _a532/533
942 _cKS
008 s pl f |000 0 pol
999 _c25970
_d25970
856 _uhttp://koha.tu.koszalin.pl/cgi-bin/koha/opac-detail.pl?biblionumber=25970
_yKatalog online BPK